[Event "IECC KO email"]
[Site "IECC email"]
[Date "1999.07.23"]
[Round "?"]
[White "Tatovsky, Silvan"]
[Black "Cashon, John J"]
[Result "0-1"]
[WhiteElo "1724"]
[BlackElo "1847"]
[PlyCount "78"]
[EventDate "1999.??.??"]
[EventType "tourn (corr)"]
[EventRounds "6"]
[SourceTitle "Corr 2008"]
[Source "ChessBase"]
[SourceDate "2008.06.24"]
[SourceVersion "1"]
[SourceVersionDate "2008.06.24"]
[SourceQuality "1"]

1. d4 Nf6 2. c4 c6 3. Nf3 d5 4. Nc3 g6 5. cxd5 cxd5 6. Bf4 Bg7 7. e3 0-0 8. Bd3 Qb6 9. Qb3 Qxb3 10. axb3 Nc6 11. Kd2 Nb4 12. Be2 Ne4+ 13. Nxe4 dxe4 14. Ne5 Nd5 15. Bg3 f6 16. Nc4 a6 17. f3 Bf5 18. Bf2 b5 19. Na5 Rfc8 20. Rhc1 e5 21. g4 exf3 22. Bxf3 e4 23. gxf5 exf3 24. fxg6 hxg6 25. Nc6 f5 26. Rc5 Bf8 27. Rxd5 Rxc6 28. Rxb5 Rac8 29. Rb7 Rc2+ 30. Ke1 a5 31. Bg3 Bh6 32. Bf2 Re2+ 33. Kf1 Rcc2 34. Rb8+ Kf7 35. Rb7+ Ke8 36. Rb8+ Kd7 37. Bg3 Bxe3 38. Rb7+ Kc6 39. Rc7+ Kb6 0-1

[Event "IECC Swiss email"]
[Site "IECC email"]
[Date "1999.07.16"]
[Round "?"]
[White "Tatovsky, Silvan"]
[Black "Jobe, Tom B"]
[Result "1-0"]
[WhiteElo "1692"]
[BlackElo "1646"]
[PlyCount "55"]
[EventDate "1999.??.??"]
[EventType "tourn (corr)"]
[EventRounds "6"]
[SourceTitle "Corr 2008"]
[Source "ChessBase"]
[SourceDate "2008.06.24"]
[SourceVersion "1"]
[SourceVersionDate "2008.06.24"]
[SourceQuality "1"]

1. Nf3 c5 2. c4 b6 3. d4 cxd4 4. Nxd4 Bb7 5. f3 g6 6. e4 Bg7 7. Be3 Nc6 8. Nc3 Nf6 9. Be2 0-0 10. 0-0 d6 11. Qd2 Qd7 12. Rfd1 Rfd8 13. Rac1 Rac8 14. Nd5 Nxd5 15. exd5 Ne5 16. b4 Qa4 17. f4 Nd7 18. Bg4 a5 19. b5 Rxc4 20. Nc6 Bxc6 21. bxc6 f5 22. Rxc4 Qxc4 23. Rc1 Qa6 24. Be2 Qa7 25. cxd7 Rxd7 26. Rc6 Rb7 27. Bb5 Kf7 28. Qf2 1-0

[Event "IECC CL4-1999.28"]
[Site "IECC email"]
[Date "1999.07.09"]
[Round "?"]
[White "Tatovsky, Silvan"]
[Black "Wedgeworth, Sam C"]
[Result "1-0"]
[WhiteElo "1712"]
[BlackElo "1646"]
[PlyCount "49"]
[EventDate "1999.??.??"]
[EventType "tourn (corr)"]
[EventRounds "4"]
[SourceTitle "Corr 2008"]
[Source "ChessBase"]
[SourceDate "2008.06.24"]
[SourceVersion "1"]
[SourceVersionDate "2008.06.24"]
[SourceQuality "1"]

1. d4 c6 2. e4 d5 3. exd5 cxd5 4. c4 Nf6 5. Nc3 e6 6. Nf3 Be7 7. cxd5 Nxd5 8. Bd3 0-0 9. 0-0 Nc6 10. Re1 Ncb4 11. Bb1 b6 12. a3 Nxc3 13. bxc3 Nd5 14. Qd3 Nf6 15. Bg5 g6 16. Ne5 Bb7 17. Bh6 Qd5 18. Qh3 Rfc8 19. Ba2 Qa5 20. Bxe6 Rxc3 21. Bxf7+ Kh8 22. Qh4 Rac8 23. Bg5 Nh5 24. Bxe7 Kg7 25. Bb4 1-0

[Event "IECC M email"]
[Site "IECC email"]
[Date "1999.07.07"]
[Round "?"]
[White "Cashon, John J"]
[Black "Tatovsky, Silvan"]
[Result "1/2-1/2"]
[WhiteElo "1854"]
[BlackElo "1705"]
[PlyCount "97"]
[EventDate "1999.??.??"]
[EventType "tourn (corr)"]
[EventRounds "6"]
[SourceTitle "Corr 2008"]
[Source "ChessBase"]
[SourceDate "2008.06.24"]
[SourceVersion "1"]
[SourceVersionDate "2008.06.24"]
[SourceQuality "1"]

1. e4 c5 2. c3 d5 3. exd5 Qxd5 4. d4 e6 5. Nf3 Nf6 6. Na3 Qd8 7. Nc2 Nc6 8. Bd3 Be7 9. 0-0 0-0 10. Qe2 cxd4 11. Ncxd4 Nxd4 12. Nxd4 a6 13. Bg5 Qc7 14. Rfe1 Re8 15. Rad1 Bd7 16. Qf3 Nd5 17. Qe4 g6 18. Bxe7 Nxe7 19. Qh4 Nf5 20. Qf6 Nxd4 21. cxd4 Bc6 22. b3 Qd8 23. Qf4 Rc8 24. Bc4 Bd5 25. Bxd5 Qxd5 26. Re5 Qc6 27. Rc5 Qd7 28. Rdc1 Rxc5 29. Rxc5 Rc8 30. h3 Rc6 31. Rc4 b5 32. Qb8+ Kg7 33. Rxc6 Qxc6 34. Qe5+ Kf8 35. Qc5+ Qxc5 36. dxc5 b4 37. Kf1 Ke7 38. Ke2 Kd7 39. Kd3 Kc6 40. Kc4 a5 41. Kd4 f6 42. f4 h6 43. h4 h5 44. Kc4 e5 45. fxe5 fxe5 46. g3 e4 47. Kd4 e3 48. Kxe3 Kxc5 49. Ke4 1/2-1/2